La guirnalda dorada / (Record no. 130294)

MARC details
000 -LEADER
campo de control de longitud fija 00606nam a2200217 i 4500
001 - NÚMERO DE CONTROL
campo de control 130294
003 - IDENTIFICADOR DE NÚMERO DE CONTROL
campo de control ES-MaACL
005 - FECHA Y HORA DE LA ÚLTIMA TRANSACCIÓN
campo de control 20230906193711.0
007 - CAMPO FIJO DE DESCRIPCIÓN FÍSICA--INFORMACIÓN GENERAL
campo de control de longitud fija t|
008 - DATOS DE LONGITUD FIJA--INFORMACIÓN GENERAL
campo de control de longitud fija 070725s1959 sp |||| | spa d
100 1# - ENTRADA PRINCIPAL--NOMBRE DE PERSONA
Nombre de persona Zaitzeff, Boris.
9 (RLIN) 117859
245 13 - MENCIÓN DEL TÍTULO
Título La guirnalda dorada /
Mención de responsabilidad, etc. Boris Zaitzeff ; [versión española de Renato Lavergne].
250 ## - MENCION DE EDICION
Mención de edición 1ª ed.
260 ## - PUBLICACIÓN, DISTRIBUCIÓN, ETC.
Lugar de publicación, distribución, etc. Barcelona :
Nombre del editor, distribuidor, etc. Luis de Caralt,
Fecha de publicación, distribución, etc. 1959.
300 ## - DESCRIPCIÓN FÍSICA
Extensión 287 p. ;
Dimensiones 20 cm.
490 1# - MENCIÓN DE SERIE
Mención de serie La Sirena
700 1# - ENTRADA AGREGADA--NOMBRE PERSONAL
Nombre de persona Lavergne, Renato.
9 (RLIN) 70708
830 0# - PUNTO DE ACCESO ADICIONAL DE SERIE-TÍTULO UNIFORME
Título uniforme La Sirena
9 (RLIN) 181698
852 ## - LOCALIZACIÓN
Ubicación ES-MaACL
Número de control de estantería C-16207
Holdings
Estatus retirado Estado de pérdida Estado de daño No para préstamo Biblioteca de origen Biblioteca actual Ubicación en estantería Fecha de adquisición Fuente de adquisición Total de préstamos Signatura topográfica completa Código de barras Visto por última vez Precio de reemplazo Tipo de ítem Koha
        Biblioteca del Ateneo de Madrid Biblioteca del Ateneo de Madrid Ficheros 17/01/2008     C-16207 1135665 23/02/2023 23/02/2023 Libro impreso